Criminal Procedure Code ,1973/ (Record no. 38879)
[ view plain ]
| 000 -LEADER | |
|---|---|
| fixed length control field | 00626nam a22001937a 4500 |
| 005 - DATE AND TIME OF LATEST TRANSACTION | |
| control field | 20100803112629.0 |
| 010 ## - LCCN (DPL NO) | |
| LC control number | EN-97517 |
| 020 ## - INTERNATIONAL STANDARD BOOK NUMBER | |
| International Standard Book Number | 978818038628 |
| Terms of availability | 3295.00 |
| 035 ## - SYSTEM CONTROL NUMBER | |
| System control number | EN-81050 |
| 037 ## - SOURCE OF ACQUISITION | |
| Source of stock number/acquisition | DBAD/PUB |
| 082 ## - DEWEY DECIMAL CLASSIFICATION NUMBER | |
| Classification number | 345.5405 |
| 100 ## - MAIN ENTRY--PERSONAL NAME | |
| Personal name | Basu , Durga Das |
| 245 ## - TITLE STATEMENT | |
| Title | Criminal Procedure Code ,1973/ |
| Statement of responsibility, etc | Durga das Basu |
| 260 ## - PUBLICATION, DISTRIBUTION, ETC. (IMPRINT) | |
| Place of publication, distribution, etc | Gurgaon |
| Name of publisher, distributor, etc | LexisNexis ButterWorths Wadhwa nagpur |
| Date of publication, distribution, etc | 2010 |
| 270 ## - ADDRESS | |
| Address | 14th floor,Buiolding no 10, tower -B DLF Cyber City ,phase 11 |
| City | Gurgaon |
| Postal code | 122002 |
| 300 ## - PHYSICAL DESCRIPTION | |
| Extent | V2 cclx ,1105 p |
| Dimensions | 25 cm (Hb) |
| 500 ## - GENERAL NOTE | |
| General note | includes index |
| 942 ## - ADDED ENTRY ELEMENTS (KOHA) | |
| Source of classification or shelving scheme | Dewey Decimal Classification |
| Item type | English Books |
| Classification part | 345.5405 |
| Call number suffix | BAS |
No items available.
